000 00292nam a2200145Ia 4500
100 _aSharma/Pramod
942 _cRB
654 _aSocial Studies
245 _aSocial Studies
260 _bAsian Pub.
_aDelhi
_c1990
082 _a302
_bSha
300 _a260
546 _aHINDI
999 _c30497
_d30497